• 首页
  • 本馆介绍
  • 公告通知
  • 最新文献
  • 馆藏检索
  • 电子资源
  • 读者导购
  • 参考咨询
  • 我的图书馆
  • 登录
  • 详细信息显示
  • 放入我的书架
  • 预约/预借图书
  • 作者相关作品
  • 分类相关作品
  • 丛书相关作品
  • 出版社相关作品

书目信息

  • 表格格式
  • 工作单格式
  • 卡片格式
题名:
欧美古典作家论现实主义的浪漫主义
    
 
作者: ;中国社会科学院外国文学研究所外国文学研究资料丛刊编辑委员会 编
分册: 2  
出版信息: 北京   中国社会科学出版社  1980-1981
页数: 2册
开本: 21cm
丛书名: 外国文学研究资料丛刊
单 册:
中图分类: I109.9 , I106
科图分类:
主题词: 浪漫主义:现实主义--研究--世界 , 现实主义:浪漫主义--研究--世界
电子资源:
ISBN:
000 01073nam2 2200289 45
001 1574567431
005 20150121164949.35
010    @dCNY1.45
091    @aCN@b10190.012(上)
091    @aCN@b10190.045(下)
100    @a19950628f19811980emky0chiy0121 ea
101 0  @achi
102    @aCN@b110000
105    @ay z 000yy
200 10 @a欧美古典作家论现实主义的浪漫主义@Aou mei gu dian zuo jia lun xian shi zhu yi de lang man zhu yi@h2@f中国社会科学院外国文学研究所外国文学研究资料丛刊编辑委员会编
210    @a北京@c中国社会科学出版社@d1980-1981
215    @a2册@d21cm
225 2  @a外国文学研究资料丛刊
410  0 @120010@a外国文学研究资料丛刊
606    @a浪漫主义:现实主义@x研究@y世界
606    @a现实主义:浪漫主义@x研究@y世界
690    @aI109.9@v3
690    @aI106@v4
711 02 @a中国社会科学院外国文学研究所外国文学研究资料丛刊编辑委员会@Azhong guo she hui ke xue yuan wai guo wen xue yan jiu suo wai guo wen xue yan jiu zi liao cong kan bian ji wei yuan hui@4编
801  0 @aCN@bTSSF@c20150121
801  2 @aCN@bNLC
905    @aZUCC@dI106@eJY13:2
    
    欧美古典作家论现实主义的浪漫主义.2/中国社会科学院外国文学研究所外国文学研究资料丛刊编辑委员会编.-北京:中国社会科学出版社,1980-1981
    2册;21cm.-(外国文学研究资料丛刊)
    
    
    ISBN :CNY1.45
    
●
相关链接 在E读中查询图书 在五车中查询图书 在当当中查询图书 在豆瓣中查询图书


正题名:欧美古典作家论现实主义的浪漫主义     索取号:I106/JY13:2         预约/预借

序号 登录号 条形码 馆藏地/架位号 状态 备注
1 7836633   278366331   学院路分馆/ [索取号:I106/JY13:2] 在馆    
唐山师范学院图书馆 欢迎您!
大连网信软件有限公司© 版权所有